Teambuilding v multikulturním týmu

Teambuilding ako jeden z obľúbených podporných nástrojov, ktoré pomáhajú udržiavať dobré vzťahy v pracovných tímoch. Upevňovanie vzťahov v multikultúrnom pracovnom tíme. Vplyv kultúrnych odlišností. Príklad česko-japonského modelu.

Gespeichert in:
Bibliographische Detailangaben
1. Verfasser: Křížová, Kristýna
Format: Buchkapitel
Sprache:Tschechisch
Schlagworte:
Tags: Tag hinzufügen
Keine Tags, Fügen Sie das erste Tag hinzu!

MARC

LEADER 00000naa$a2200000$$$4500
001 0055505
005 20231016105826.2
041 0 |a cze 
044 |a CZ 
245 1 0 |a Teambuilding v multikulturním týmu  |c Kristýna Křížová 
520 |a Teambuilding ako jeden z obľúbených podporných nástrojov, ktoré pomáhajú udržiavať dobré vzťahy v pracovných tímoch. Upevňovanie vzťahov v multikultúrnom pracovnom tíme. Vplyv kultúrnych odlišností. Príklad česko-japonského modelu. 
610 2 0 |a tímy pracovné 
610 2 0 |a kultúra 
610 2 0 |a národ 
610 2 0 |a vzťahy pracovné 
610 2 0 |a čas voľný 
610 2 0 |a pracovníci 
100 1 |a Křížová, Kristýna